| 000 | 00380nam a2200145Ia 4500 | ||
|---|---|---|---|
| 008 | 230917s9999||||xx |||||||||||||| ||und|| | ||
| 040 |
_e5003360 _aMAIN |
||
| 041 | _aEnglish | ||
| 082 | _a822.09 K147C:D | ||
| 100 | _aChaliya, Deepika | ||
| 245 | 0 | _aDebating the nation through myths: A study of Girish Karnad's selected plays | |
| 260 | _c2021 | ||
| 300 | _a148 p. | ||
| 942 | _cBK | ||
| 999 |
_c9302 _d9302 |
||